Отчет... по Кассе сберегательной и взаимопомощи служащих... П.В. Щетинкина (Запись № 7324083)

Подробности
000 -МАРКЕР
контрольное поле 01413nam1a22002531i 4500
001 - ИДЕНТИФИКАТОР ЗАПИСИ
контрольное поле v19\rc\2012063
005 - ИДЕНТИФИКАТОР ВЕРСИИ
контрольное поле 20240726024653.0
035 ## - ДРУГИЕ СИСТЕМНЫЕ НОМЕРА
Идентификатор записи (NLR Aleph) 005093760
100 ## - ДАННЫЕ ОБЩЕЙ ОБРАБОТКИ
Данные общей обработки 20080925g19011917|||y0rusy50 ca
101 0# - ЯЗЫК РЕСУРСА
Язык текста, звукозаписи и т.д. русский
102 ## - СТРАНА ПУБЛИКАЦИИ ИЛИ ПРОИЗВОДСТВА
Страна публикации Российская Федерация
105 ## - ПОЛЕ КОДИРОВАННЫХ ДАННЫХ: ТЕКСТОВЫЕ МАТЕРИАЛЫ, МОНОГРАФИЧЕСКИЕ
Кодированные данные о монографическом текстовом документе y z |||||
200 1# - ЗАГЛАВИЕ И СВЕДЕНИЯ ОБ ОТВЕТСТВЕННОСТИ
Основное заглавие Отчет... по Кассе сберегательной и взаимопомощи служащих... П.В. Щетинкина
210 ## - ПУБЛИКАЦИЯ, РАСПРОСТРАНЕНИЕ И ДР.
Место издания, распространения и т.д. Казань
Дата издания, распространения и т.д. 1901-1917
215 ## - ФИЗИЧЕСКАЯ ХАРАКТЕРИСТИКА
Специфическое обозначение материала и объем 16 т.
300 ## - ОБЩИЕ ПРИМЕЧАНИЯ
Текст примечания В части изд. загл.: Отчет по Сберегательно-вспомогательной кассе служащих Торгового дома "П.В. Щетинкин в Казани". (С незначит. изм.)
517 0# - ДРУГИЕ ВАРИАНТЫ ЗАГЛАВИЯ
Вариант заглавия Отчет по Сберегательно-вспомогательной кассе служащих Торгового дома "П.В. Щетинкин в Казани"
Сведения, относящиеся к заглавию (С незначит. изм.)
532 13 - РАСШИРЕННОЕ ЗАГЛАВИЕ
Заглавие Отчет по Кассе сберегательной и взаимопомощи служащих... П.В. Щетинкина
710 02 - НАИМЕНОВАНИЕ ОРГАНИЗАЦИИ - ПЕРВИЧНАЯ ОТВЕТСТВЕННОСТЬ
Начальный элемент ввода "Щетинкин, П.В.", торговый дом
Идентифицирующий признак Казань
Структурное подразделение Сберегательно-вспомогательная касса служащих
801 #0 - ИСТОЧНИК ЗАПИСИ
Страна Российская Федерация
Организация NLR
Правила каталогизации psbo
801 #1 - ИСТОЧНИК ЗАПИСИ
Страна Российская Федерация
Организация ProSoft-M
Источник данных rusmarc
852 ## - МЕСТОНАХОЖДЕНИЕ И ШИФР ХРАНЕНИЯ
Идентификатор организации NLR
Шифр хранения (Call Number) Шифры разные
942 ## - ДОПОЛНИТЕЛЬНЫЕ ЭЛЕМЕНТЫ ЗАПИСИ (АБИС)
Тип экземпляра АБИС Книга

Нет доступных экземпляров.